000 00497nam a2200181Ia 4500
001 9276
005 20260306160711.0
008 260306t2017||||xx |||||||||||||| ||spa||
041 _aESP
082 _a378.01
_bM32
100 _aMayor, Iván
_eAUT
245 0 _aGestión del talento en la universidad:
_bde la clase magistral al desarrollo estratégico de las competencias
260 _c2017
300 _a253 páginas :
_c24 cm.
650 _aGEN
654 _aCED
942 _cLIB
_dJUS
_fJUS
_2ddc
_n
999 _c9276
_d9276